000 00558nam a2200205Ia 4500
003 GCL
008 140319s9999 xx 000 0 eng d
020 _a1564964639
040 _aGCL /
_cGCL
082 0 4 _a748.092
_bP A
100 1 _aPETERSON, CHRIS
245 1 0 _aTHE ART OF STAINED GLASS :
_bDESIGNS FROM 21 TOP ARTISTS /
_cPETERSON, CHRIS
260 _aنيويورك :
_bQUARRY BOOKS ،
_c1998
300 _a144 P
_bILL. ؛
_c28 cm.
650 0 4 _aARTS
650 0 4 _aGLASS
650 0 4 _aGLASS, COLOURED
650 0 4 _aGLASS ARTISTS
942 _2ddc
_cBK
999 _c6961
_d6961